Billie Eilish - &burn Lyrics - Statistics

General Stats
  • This quiz has been taken 70 times
  • The average score is 320 of 372
Answer Stats
Answer % Correct
a
100%
and
100%
And
100%
burn
100%
burn)
100%
But
100%
but
100%
I
100%
in
100%
it
100%
me
100%
now
100%
that
100%
the
100%
you
100%
You
100%
your
100%
Your
100%
My
98%
my
98%
never
98%
started
98%
to
98%
watch
98%
Watch
98%
we
98%
We
98%
were
98%
what
98%
With
98%
back
96%
be
96%
by
96%
car
96%
fire
96%
have
96%
heart
96%
If
96%
I'll
96%
would
96%
at
94%
Go
94%
(Go
94%
out
94%
out)
94%
when
94%
on
92%
so
92%
came
90%
love
90%
sit
90%
feels
88%
let
88%
Lips
88%
meant
88%
once
88%
put
88%
right
88%
See
88%
see
88%
skips
88%
wanna
88%
ahead
85%
beats
85%
is
85%
teeth
85%
been
83%
could
83%
fake
83%
meet
83%
all
81%
ask
81%
eight
81%
slept
81%
get
79%
sleep
79%
them
79%
tongue
79%
(B-b-blow
77%
blow
77%
H-h-him
77%
him
77%
make
77%
think
77%
need
75%
demands
73%
lies
73%
aren't
71%
will
69%
high
67%
keep
67%
for
50%
was
50%
know
48%
of
48%
way
48%
won't
46%
knees
44%
still
44%
remember
42%
coming
40%
forget
40%
leave
40%
down
38%
made
38%
present
38%
ring
38%
sent
38%
calm
35%
court
35%
everything
35%
found
35%
Found
35%
guilty
35%
laugh
35%
packing
35%
storm
35%
try
35%
7-4-2008
33%
even
33%
heaven
33%
other
33%
score
33%
that's
33%
wait
33%
each
31%
stubborn
31%
tryin'
31%
war
31%
baby
29%
droned
29%
leading
29%
aorta
27%
Tryna
25%
No matching quizzes found
Score Distribution
Percent of People with Each Score
Percentile by Number Answered
Your Score History
You have not taken this quiz